Ekonomický rozvoj Ruskej federácie a perspektívy rusko-slovenskej spolupráce
Charakteristika hospodárskeho rozvoja Ruskej federácie. Rusko-slovenská hospodárska spolupráca.
Guardado en:
| Autor principal: | |
|---|---|
| Formato: | Capítulo de libro |
| Lenguaje: | eslovaco |
| Materias: | |
| Etiquetas: |
Sin Etiquetas, Sea el primero en etiquetar este registro!
|
MARC
| LEADER | 00000naa$a2200000$$$4500 | ||
|---|---|---|---|
| 001 | 0036959 | ||
| 005 | 20230808080920.9 | ||
| 041 | 0 | |a slo | |
| 044 | |a SK | ||
| 245 | 1 | 0 | |a Ekonomický rozvoj Ruskej federácie a perspektívy rusko-slovenskej spolupráce |c Alexander Ivanovič Udaľcov |
| 520 | |a Charakteristika hospodárskeho rozvoja Ruskej federácie. Rusko-slovenská hospodárska spolupráca. | ||
| 610 | 2 | 0 | |a Rusko |
| 610 | 2 | 0 | |a rozvoj hospodársky |
| 610 | 2 | 0 | |a spolupráca medzinárodná |
| 610 | 2 | 0 | |a vzťahy hospodárske vonkajšie |
| 610 | 2 | 0 | |a Slovensko |
| 100 | 1 | |a Udaľcov, Alexander Ivanovič | |